000 00658nam a2200181Ia 4500
008 090630s9999 xx 000 0 und d
082 _b10590
100 _aवाळिंबे वि. स.
245 _aआज इथे उद्या तिथे.
_cवाळिंबे वि. स.
260 _bमेहता पब्लिश हाऊस.
_c1991
300 _a116
600 _aवाळिंबे वि. स.
630 _aआज इथे उद्या तिथे.
655 _aप्रवास.
700 _aवाळिंबे वि. स.
730 _aआज इथे उद्या तिथे.
942 _cBOOK
999 _c262446
_d262446